Republic of Estonia : Staff Report for the 2000 Article IV Consultation and First Review Under the Stand-By Arrangement.

The economic recovery seems to be firmly established, supported by strengthened domestic private demand. The Bank of Estonia (BoE) is committed to maintaining the currency board until the euro becomes Estonia's official currency. The compliance with the Basel Core Principles (BCP) has improved...

Descripción completa

Detalles Bibliográficos
Autor Corporativo: International Monetary Fund
Formato: Revista
Lenguaje:English
Publicado: Washington, D.C. : International Monetary Fund, 2000.
Colección:IMF Staff Country Reports; Country Report ; No. 2000/079
Acceso en línea:Full text available on IMF
LEADER 01724cas a2200241 a 4500
001 AALejournalIMF001237
008 230101c9999 xx r poo 0 0eng d
020 |c 5.00 USD 
020 |z 9781451812343 
022 |a 1934-7685 
040 |a BD-DhAAL  |c BD-DhAAL 
110 2 |a International Monetary Fund. 
245 1 0 |a Republic of Estonia :   |b Staff Report for the 2000 Article IV Consultation and First Review Under the Stand-By Arrangement. 
264 1 |a Washington, D.C. :  |b International Monetary Fund,  |c 2000. 
300 |a 1 online resource (68 pages) 
490 1 |a IMF Staff Country Reports 
500 |a <strong>Off-Campus Access:</strong> No User ID or Password Required 
500 |a <strong>On-Campus Access:</strong> No User ID or Password Required 
506 |a Electronic access restricted to authorized BRAC University faculty, staff and students 
520 3 |a The economic recovery seems to be firmly established, supported by strengthened domestic private demand. The Bank of Estonia (BoE) is committed to maintaining the currency board until the euro becomes Estonia's official currency. The compliance with the Basel Core Principles (BCP) has improved and is now high. Monetary and financial policies are transparent. Financial sector assessment program recommendations have been integrated into the government's work program. Good progress is being made in the implementation of the structural reform agenda, including the privatization of major infrastructure companies. 
538 |a Mode of access: Internet 
830 0 |a IMF Staff Country Reports; Country Report ;  |v No. 2000/079 
856 4 0 |z Full text available on IMF  |u http://elibrary.imf.org/view/journals/002/2000/079/002.2000.issue-079-en.xml  |z IMF e-Library